000
00272nam a22001217a 4500
040
_c
HS
082
_a
307
100
_a
ROBERT CHAMBERS
245
_a
Rural development putting the last first
260
_a
Malaysia
_b
ROBERT CHAMBERS
_c
1983
300
_a
246p;
942
_c
EK
999
_c
10231
_d
10231